Cieśniny w Europie - Statystyki

Ogólne statystyki
  • Ten quiz został rozwiązany 58 razy
  • Średni wynik to 8 z 16
Statystyki odpowiedzi
Opis Cieśnina % Poprawnych
Nad tą cieśniną położony jest Stambuł Bosfor
90%
Oddziela półwysep Iberyjski od Afryki Cieśnina Gibraltarska
86%
Łączy Morze Egejskie z Morzem Marmara Dardanele
66%
Znajduje się między duńską Zelandią i szwedzką Skanią Sund
62%
Leży pomiędzy Jutlandią i płw. Skandynawskim (Szwecja) Kattegat
59%
Oddziela Sycylię od Afryki Cieśnina Sycylijska
55%
Położona jest między Danią a Norwegią Skagerrak
55%
Leży między Sycylią i płw. Apenińskim Cieśnina Mesyńska
48%
Najwęższa część Kanału La Manche, przebiega pod nią Eurotunel Cieśnina Kaletańska
41%
Przebiega nad nią Most Krymski Cieśnina Kerczeńska
38%
Oddziela półwysep Apeniński od Albanii Cieśnina Otranto
38%
Również znajduje się w Danii, między Fionią a Jutlandią Mały Bełt
38%
Znajduje się w Danii, między wyspami Zelandia i Fionia Wielki Bełt
38%
Oddziela Europę (Islandia) od Ameryki Północnej (Grenlandia) Cieśnina Duńska
31%
Znajduje się między Szkocją a Irlandią Kanał Północny
31%
Oddziela Sardynię od Korsyki Cieśnina Świętego Bonifacego
14%
Nie znaleziono quizów pasujących do podanych kryteriów
Rozkład punktacji
Procent ludzi z każdym wynikiem
Percentyl według liczby udzielonych odpowiedzi
Twoja historia wyników
Nie rozwiązałeś tego quizu